| 000 | 00600nam a22002057a 4500 | ||
|---|---|---|---|
| 005 | 20140517125437.0 | ||
| 008 | 070810s2007 nyua 001 0 eng | ||
| 020 | _a9780071477185 | ||
| 024 | 0 | _ceng | |
| 080 | _a339.138 | ||
| 100 | 1 | _aGoldstein, Beth. | |
| 245 | 1 | 4 |
_aThe ultimate small business marketing toolkit : _cBeth Goldstein. |
| 250 | _a1st.ed.; | ||
| 260 |
_aNew York : _bMcGraw-Hill, _c2007. |
||
| 300 |
_a322 f. : _bill. ; _c23 cm. |
||
| 500 | _aIncludes index. | ||
| 650 | 0 | _aMarketing | |
| 650 | 0 | _aMenaxhimi | |
| 942 |
_2udc _cBK |
||
| 999 |
_c452 _d452 |
||